[Event "Sicilian; choose your variation ~ 1500 and up"]
[Site "SchemingMind.com"]
[Date "2009.07.20"]
[Round "-"]
[White "Clive Everill"]
[Black "Brian Acebo"]
[Result "0-1"]
[WhiteCountry "CZE"]
[BlackCountry "USA"]
[WhiteElo "1651"]
[WhiteRD "52"]
[BlackElo "1620"]
[BlackRD "64"]
[GameID "212890"]

1. e4 c5 2. Nf3 d6 3. Bb5+ Bd7 4. c4 a6 5. Bxd7+ Nxd7 6. O-O Ngf6 7. Qe2 g6 8. Nc3 Bg7 9. d4 O-O 10. h3 cxd4
11. Nxd4 Rc8 12. b3 Qb6 13. Be3 Qc7 14. Nf5 gxf5 15. exf5 Qc6 16. g4 Ne4 17. Nd5 Rfe8 18. Rae1 Nef6 19. Nb4 Qc7 20. Bd2 Ne5
21. f4 Nc6 22. Nc2 d5 23. g5 Ne4 24. Rf3 Nxd2 25. Qxd2 Qd7 26. cxd5 Na7 27. Ree3 Qxf5 28. Nd4 Qxd5 29. Rd3 Bxd4+ 30. Kh2 Nc6
31. Qg2 Qf5 32. Rd1 Rcd8 33. h4 Kf8 34. Kg3 Bf2+ 35. Qxf2 Rxd1 36. Re3 Red8
0-1

[Event "Sicilian; choose your variation ~ 1500 and up"]
[Site "SchemingMind.com"]
[Date "2009.07.17"]
[Round "-"]
[White "Clive Everill"]
[Black "skeeter"]
[Result "0-1"]
[WhiteCountry "CZE"]
[BlackCountry "NZL"]
[WhiteElo "1639"]
[WhiteRD "52"]
[BlackElo "2032"]
[BlackRD "110"]
[GameID "212891"]

1. e4 c5 2. Nc3 Nc6 3. Bb5 Nd4 4. Bc4 g6 5. Nf3 Bg7 6. O-O d6 7. Nxd4 cxd4 8. Qf3 Nf6 9. Ne2 e5 10. c3 O-O
11. cxd4 exd4 12. Nxd4 Ng4 13. Ne2 Ne5 14. Qb3 Nxc4 15. Qxc4 Re8 16. Nc3 Be6 17. Nd5 Rc8 18. Qd3 Qa5 19. Nc3 Bc4 20. Qh3 Bxf1
21. Kxf1 Qa6+ 22. Kg1 d5 23. d3 Qa5 24. Bd2 d4 25. b4 Qxb4 26. Rb1 dxc3 27. Rxb4 cxd2
0-1

[Event "Sicilian; choose your variation ~ 1500 and up"]
[Site "SchemingMind.com"]
[Date "2009.07.17"]
[Round "-"]
[White "Clive Everill"]
[Black "Sir_Grantis1"]
[Result "1-0"]
[WhiteCountry "CZE"]
[BlackCountry "USA"]
[WhiteElo "1651"]
[WhiteRD "52"]
[BlackElo "1509"]
[BlackRD "103"]
[GameID "212892"]

1. e4 c5 2. Nc3 e6 3. Nge2 Nc6 4. Ng3 a6 5. a3 g6 6. d3 Bg7 7. Nge2 d5 8. exd5 exd5 9. g3 Nge7 10. Bg2 O-O
11. O-O Be6 12. Bd2 d4 13. Ne4 h6 14. Nxc5 Bd5 15. Bxd5 Nxd5 16. c4 dxc3 17. bxc3 b6 18. Nb3 Rc8 19. Qc1 Na7 20. Rb1 Rb8
21. Bxh6 Kh7 22. Bxg7 Kxg7 23. c4 Nf6 24. d4 Qd7 25. Kg2 Rh8 26. h4 Qg4 27. f3 Qe6 28. Nf4 Qd7 29. d5 Nc8 30. Na5 Ne7
31. Nb3 Rhc8 32. Rd1 Qa4 33. Nd2 b5 34. Rb4 Qa5 35. Nb3 Qb6 36. c5 Qa7 37. d6 Nc6 38. Nxg6 fxg6 39. Rf4 Rf8 40. Qc3 Rbe8
41. Rd2 Qd7 42. g4 Ne5 43. Nd4 Nd5 44. Nf5+ gxf5 45. Rxd5 Qe6 46. Rd3 Kg8 47. Re3 Qf6 48. Rxf5
1-0

[Event "Sicilian; choose your variation ~ 1500 and up"]
[Site "SchemingMind.com"]
[Date "2009.07.22"]
[Round "-"]
[White "cnbcad"]
[Black "Clive Everill"]
[Result "1-0"]
[WhiteCountry "USA"]
[BlackCountry "CZE"]
[WhiteElo "1545"]
[WhiteRD "63"]
[BlackElo "1651"]
[BlackRD "52"]
[GameID "212893"]

1. e4 c5 2. Nc3 a6 3. f4 b5 4. Nf3 Bb7 5. d3 e6 6. g3 d5 7. Bg2 Nf6 8. O-O dxe4 9. Nxe4 Nxe4 10. dxe4 Qxd1
11. Rxd1 Bxe4 12. Re1 Ra7 13. Rxe4 Be7 14. Be3 Nd7 15. Ne5 Rc7 16. Nxd7 Rxd7 17. Re5 c4 18. Bc6 Bd6 19. Bxd7+ Kxd7 20. Re4 f5
21. Rd4 Kc6 22. Rad1 Rd8 23. Rxd6+ Rxd6 24. Rxd6+ Kxd6 25. Kg2 e5 26. fxe5+ Kxe5 27. Kf3 h6 28. c3 g5 29. Bd4+ Kd5 30. Ke3 Ke6
31. b4 Kd5 32. h3 Ke6 33. Bg7 h5 34. Bh6 Kf6 35. Bf8 Ke5 36. Bg7+ Kd5 37. Bf6 g4 38. h4 Ke6 39. Bg5 Ke5 40. Bh6 Kd5
41. Kf4 Ke6 42. Bg5 Kd6 43. Kxf5 Kc6 44. Bd8 Kd7 45. Ba5
1-0

[Event "Sicilian; choose your variation ~ 1500 and up"]
[Site "SchemingMind.com"]
[Date "2009.07.21"]
[Round "-"]
[White "Efren ramos"]
[Black "Clive Everill"]
[Result "1-0"]
[WhiteCountry "NCA"]
[BlackCountry "CZE"]
[WhiteElo "1821"]
[WhiteRD "93"]
[BlackElo "1659"]
[BlackRD "48"]
[GameID "212894"]

1. e4 c5 2. Nc3 Nc6 3. g3 Rb8 4. Bg2 b5 5. d3 b4 6. Nce2 e6 7. Nf3 Nf6 8. O-O Be7 9. a3 a5 10. axb4 axb4
11. e5 Nd5 12. Re1 O-O 13. Nf4 Nb6 14. h4 d5 15. c3 c4 16. d4 b3 17. Nh3 f6 18. exf6 Bxf6 19. Bg5 Ne7 20. Ne5 Rb7
21. Nf4 Bxg5 22. hxg5 Nf5 23. g6 Nh4 24. gxh7+ Kxh7 25. gxh4 Qxh4 26. Neg6 Qxf4 27. Qh5+ Qh6 28. Nxf8+ Kg8 29. Qe8 g5 30. Nd7+ Kh7
31. Nxb6 Rxb6 32. Qxc8 Kg6 33. Qg8+ Kf5 34. Ra7 Qh4 35. Qf7+
1-0

[Event "Sicilian; choose your variation ~ 1500 and up"]
[Site "SchemingMind.com"]
[Date "2009.07.22"]
[Round "-"]
[White "Theodoric"]
[Black "Clive Everill"]
[Result "1-0"]
[WhiteCountry "ENG"]
[BlackCountry "CZE"]
[WhiteElo "1967"]
[WhiteRD "68"]
[BlackElo "1639"]
[BlackRD "52"]
[GameID "212895"]

1. e4 c5 2. c3 Qc7 3. Nf3 g6 4. d4 Bg7 5. dxc5 Qxc5 6. Be3 Qc7 7. Bd3 Nf6 8. O-O O-O 9. Nd4 a6 10. Nd2 b5
11. f4 Bb7 12. a4 bxa4 13. Rxa4 d6 14. N4b3 Nc6 15. Nc4 Nd7 16. Qg4 Nf6 17. Qf3 Nd7 18. Qf2 Rfb8 19. Ra3 Bc8 20. Rfa1 e5
21. f5 Ne7 22. Bg5 f6 23. Be3 Kf7 24. fxg6+ hxg6 25. Rd1 d5 26. exd5 Nxd5 27. Bxg6+ Kxg6 28. Qh4 Nxe3 29. Nxe3 Nc5 30. Nd5 Qa7
31. Na5 Nb7+ 32. Kh1 Nxa5 33. Rxa5 Rxb2 34. Rf1 Rab8 35. Nxf6 Bxf6 36. Rxf6+ Kg7 37. Qh6+
1-0

[Event "Sicilian; choose your variation ~ 1500 and up"]
[Site "SchemingMind.com"]
[Date "2009.07.22"]
[Round "-"]
[White "Schaakmaatje"]
[Black "Clive Everill"]
[Result "1-0"]
[WhiteCountry "NED"]
[BlackCountry "CZE"]
[WhiteElo "1671"]
[WhiteRD "49"]
[BlackElo "1659"]
[BlackRD "48"]
[GameID "212896"]

1. e4 c5 2. Nf3 Nc6 3. Bb5 Qb6 4. c4 g6 5. Nc3 Nd4 6. Nd5 Qd6 7. e5 Nxf3+ 8. Qxf3 Qxe5+ 9. Ne3 Nf6 10. O-O Bg7
11. d3 a6 12. Ba4 Rb8 13. Nc2 O-O 14. Rb1 d5 15. Bf4 Bg4 16. Qg3 Nh5 17. Bxe5 Nxg3 18. Bxg3 Rbd8 19. Rfe1 dxc4 20. dxc4 e6
21. Ne3 Bf5 22. Nxf5 exf5 23. Rbd1 Bxb2 24. Rxd8 Rxd8 25. Re8+ Rxe8 26. Bxe8 Kf8 27. Bd7 Ke7 28. Bc8 b5 29. Bxa6 b4 30. Bb7 Bd4
31. Kf1 f6 32. f3 Ke6 33. Ke2 g5 34. Bc8+ Ke7 35. Bxf5 h5 36. Kd3 h4 37. Be1 Kd6 38. g3 hxg3 39. Bxg3+ Kc6 40. Be4+ Kd7
41. Be1 Kd6 42. h3 Ke5 43. Bg3+ Ke6 44. Bd5+ Kd7 45. Be1 Kd6 46. Bxb4
1-0

[Event "Sicilian; choose your variation ~ 1500 and up"]
[Site "SchemingMind.com"]
[Date "2009.07.17"]
[Round "-"]
[White "andy146"]
[Black "Clive Everill"]
[Result "1-0"]
[WhiteCountry "POL"]
[BlackCountry "CZE"]
[WhiteElo "1772"]
[WhiteRD "69"]
[BlackElo "1639"]
[BlackRD "52"]
[GameID "212897"]

1. e4 c5 2. Nf3 d6 3. d4 cxd4 4. Nxd4 Nf6 5. Nc3 Bd7 6. Bb5 e6 7. Bxd7+ Qxd7 8. O-O Nc6 9. Nf3 Be7 10. Qe2 a6
11. Be3 b5 12. Rad1 O-O 13. e5 Ng4 14. exd6 Bf6 15. h3 Nxe3 16. Qxe3 Nb4 17. Ne4 Bd8 18. Ne5 Qb7 19. Nc5 Qa7 20. Ncd7 Qxe3
21. fxe3 Re8 22. Rxf7 Nd5 23. Rdf1 Nf6 24. g4 Nxd7 25. Rxd7 Bf6 26. Nc6 Bxb2 27. Re7 Rxe7 28. Nxe7+ Kh8 29. d7 Bf6 30. Nc6 h6
31. d8=Q+ Bxd8 32. Rf8+ Kh7 33. Rxd8 Rxd8 34. Nxd8 e5 35. Kf2 Kg6 36. Kf3 Kf6 37. Ke4 Kg5 38. Kxe5 Kh4 39. Kf5 Kxh3 40. e4 g5
41. Ne6 Kh4 42. Nxg5
1-0

[Event "Sicilian; choose your variation ~ 1500 and up"]
[Site "SchemingMind.com"]
[Date "2009.07.20"]
[Round "-"]
[White "Brian Acebo"]
[Black "Clive Everill"]
[Result "1-0"]
[WhiteCountry "USA"]
[BlackCountry "CZE"]
[WhiteElo "1620"]
[WhiteRD "64"]
[BlackElo "1651"]
[BlackRD "52"]
[GameID "212898"]

1. e4 c5 2. Nf3 a6 3. d4 cxd4 4. Nxd4 Nf6 5. Nc3 e5 6. Nde2 Bb4 7. f3 d5 8. exd5 Nxd5 9. Bd2 Nxc3 10. Nxc3 Nc6
11. a3 Bc5 12. Qe2 O-O 13. O-O-O Qe8 14. g4 Nd4 15. Qe4 f5 16. Qd5+ Ne6 17. h4 fxg4 18. fxg4 Kh8 19. Qxe5 Qg6 20. g5 Qf5
21. Qg3 Bf2 22. Qh2 Nd4 23. Bd3 Nb3+ 24. cxb3 Qxd3 25. Rdf1 Bc5 26. Qe5 Bd4 27. Rxf8#
1-0

[Event "Sicilian; choose your variation ~ 1500 and up"]
[Site "SchemingMind.com"]
[Date "2009.07.17"]
[Round "-"]
[White "skeeter"]
[Black "Clive Everill"]
[Result "1-0"]
[WhiteCountry "NZL"]
[BlackCountry "CZE"]
[WhiteElo "2004"]
[WhiteRD "114"]
[BlackElo "1620"]
[BlackRD "50"]
[GameID "212899"]

1. e4 c5 2. Nf3 d6 3. d4 Nf6 4. Nc3 b6 5. dxc5 bxc5 6. e5 Nfd7 7. Bb5 a6 8. Ba4 Bb7 9. O-O g6 10. exd6 e6
11. Bg5 Qb6 12. Nd5 Bxd5 13. Qxd5 Ra7 14. Qe5 Rg8 15. Qf6 Bxd6 16. Ne5 Rf8 17. Nc4 Bxh2+ 18. Kh1 Nc6 19. Bxc6
1-0

[Event "Sicilian; choose your variation ~ 1500 and up"]
[Site "SchemingMind.com"]
[Date "2009.07.17"]
[Round "-"]
[White "Sir_Grantis1"]
[Black "Clive Everill"]
[Result "1-0"]
[WhiteCountry "USA"]
[BlackCountry "CZE"]
[WhiteElo "1459"]
[WhiteRD "112"]
[BlackElo "1639"]
[BlackRD "52"]
[GameID "212900"]

1. e4 c5 2. Nf3 d6 3. d4 Nf6 4. Nc3 b6 5. Bb5+ Bd7 6. Bxd7+ Qxd7 7. O-O g6 8. e5 Ng4 9. h3 Nh6 10. Bf4 Bg7
11. exd6 O-O 12. dxe7 Qxe7 13. dxc5 Qxc5 14. Bd6 Qc8 15. Bxf8 Qxf8 16. Qd2 Nc6 17. a3 Nf5 18. Rfe1 Rd8 19. Qf4 Bh6 20. Qe4 Qc5
21. Rad1 Nd6 22. Qh4 Kg7 23. Rd5 Nf5 24. Rxc5 Nxh4 25. Rxc6 Nf5 26. Rd1 Re8 27. g4 Ne7 28. Rc7 Bf4 29. Rxa7 Nc6 30. Rb7 Na5
31. Rxb6 Nc4 32. Rb4 Na5 33. Rxf4
1-0

[Event "Sicilian; choose your variation ~ 1500 and up"]
[Site "SchemingMind.com"]
[Date "2009.07.21"]
[Round "-"]
[White "andu"]
[Black "cnbcad"]
[Result "1-0"]
[WhiteCountry "AUT"]
[BlackCountry "USA"]
[WhiteElo "1892"]
[WhiteRD "50"]
[BlackElo "1553"]
[BlackRD "60"]
[GameID "212901"]

1. e4 c5 2. Nf3 e6 3. Nc3 a6 4. d4 Nc6 5. d5 Nd4 6. Nxd4 cxd4 7. Qxd4 Qf6 8. e5 Qf5 9. Bd3 Qh5 10. d6 Nh6
11. Bxh6 Qxh6 12. Na4 b5 13. Be4 Bb7 14. Bxb7 Rd8 15. Nc5 g6 16. Nxd7 Rxd7 17. Bc6
1-0

[Event "Sicilian; choose your variation ~ 1500 and up"]
[Site "SchemingMind.com"]
[Date "2009.07.20"]
[Round "-"]
[White "andu"]
[Black "Efren ramos"]
[Result "1-0"]
[WhiteCountry "AUT"]
[BlackCountry "NCA"]
[WhiteElo "2124"]
[WhiteRD "50"]
[BlackElo "1788"]
[BlackRD "88"]
[GameID "212902"]

1. e4 c5 2. Nf3 Nc6 3. Bb5 g6 4. Nc3 Bg7 5. O-O Nf6 6. Qe2 Nd4 7. Nxd4 cxd4 8. Nd5 Nxd5 9. exd5 O-O 10. d3 e5
11. f4 d6 12. fxe5 dxe5 13. Bc4 Qd6 14. Bd2 Bd7 15. Qe1 Rfe8 16. Bb4 Qb6 17. d6 Be6 18. d7 Red8 19. Ba5 Qc6 20. Bxd8 Rxd8
21. Bxe6 Qxe6 22. Qa5 b6 23. Qxa7 Rxd7 24. Qb8+ Bf8 25. Rae1 f6 26. Re2 Kg7 27. Qc8 Qd6 28. a3 Be7 29. Qa8 h5 30. h4 f5
31. g3 e4 32. Kg2 e3 33. Rf3 Bf6 34. c3 Rc7 35. a4 Qd7 36. Qa6 Qd6 37. a5 Rc6 38. Qb7+ Rc7 39. Qxb6 Qxb6 40. axb6 Rb7
41. cxd4 Bxd4 42. Rf4 Bxb6 43. Rb4
1-0

[Event "Sicilian; choose your variation ~ 1500 and up"]
[Site "SchemingMind.com"]
[Date "2009.07.17"]
[Round "-"]
[White "andu"]
[Black "Clive Everill"]
[Result "1-0"]
[WhiteCountry "AUT"]
[BlackCountry "CZE"]
[WhiteElo "1835"]
[WhiteRD "49"]
[BlackElo "1620"]
[BlackRD "50"]
[GameID "212903"]

1. e4 c5 2. Nf3 d6 3. Nc3 e6 4. d4 cxd4 5. Nxd4 a6 6. Be3 b5 7. Bd3 Nf6 8. O-O Be7 9. Qf3 Bb7 10. a4 b4
11. Na2 a5 12. Nc1 O-O 13. Nce2 Nfd7 14. Qh3 e5 15. Nf5 Nf6 16. Bh6 g6 17. Nxe7+ Qxe7 18. Bxf8 Qxf8 19. Ng3 Nbd7 20. f4 Qg7
21. Qh4 exf4 22. Qxf4 Qf8 23. Bb5 Bc8 24. Rad1 Ne8 25. Qg5 Ne5 26. Bxe8 Qxe8 27. Rxd6 Nc4 28. Rd8
1-0

[Event "Sicilian; choose your variation ~ 1500 and up"]
[Site "SchemingMind.com"]
[Date "2009.07.22"]
[Round "-"]
[White "andu"]
[Black "Theodoric"]
[Result "1-0"]
[WhiteCountry "AUT"]
[BlackCountry "ENG"]
[WhiteElo "1892"]
[WhiteRD "50"]
[BlackElo "1967"]
[BlackRD "68"]
[GameID "212904"]

1. e4 c5 2. Nf3 e6 3. d4 cxd4 4. Nxd4 Nf6 5. Nc3 d6 6. Bc4 a6 7. O-O Be7 8. Qf3 Nc6 9. Nxc6 bxc6 10. Qg3 O-O
11. e5 dxe5 12. Bh6 Ne8 13. Rad1 Qc7 14. Rfe1 Bb7 15. a3 c5 16. f3 Rd8 17. Rxd8 Qxd8 18. Rd1 Qb8 19. b3 Kh8 20. Be3 Nd6
21. Bxc5 Nf5 22. Qf2 Rd8 23. Bxe7 Rxd1+ 24. Nxd1 Nxe7 25. Qc5 Nd5 26. Bxd5 exd5 27. Qe7 Kg8 28. Ne3 e4 29. Nf5 h6 30. Nd6 Bc6
31. Qxf7+ Kh8 32. Nf5 Qb7 33. Qxb7 Bxb7 34. fxe4 dxe4 35. Ne7 g5 36. c4
1-0

[Event "Sicilian; choose your variation ~ 1500 and up"]
[Site "SchemingMind.com"]
[Date "2009.07.22"]
[Round "-"]
[White "andu"]
[Black "Schaakmaatje"]
[Result "1-0"]
[WhiteCountry "AUT"]
[BlackCountry "NED"]
[WhiteElo "1957"]
[WhiteRD "51"]
[BlackElo "1674"]
[BlackRD "50"]
[GameID "212905"]

1. e4 c5 2. Nf3 d6 3. d4 cxd4 4. Nxd4 Nf6 5. Bd3 e6 6. Nc3 a6 7. O-O Be7 8. Qf3 Nc6 9. Nxc6 bxc6 10. Qg3 Kf8
11. h3 e5 12. Bc4 h5 13. Bg5 d5 14. exd5 Nxd5 15. Bxd5 cxd5 16. Bxe7+ Qxe7 17. Nxd5 Qc5 18. Qxe5 Be6 19. Rad1 Rd8 20. Rfe1 Bxd5
21. c4
1-0

[Event "Sicilian; choose your variation ~ 1500 and up"]
[Site "SchemingMind.com"]
[Date "2009.07.17"]
[Round "-"]
[White "andu"]
[Black "andy146"]
[Result "0-1"]
[WhiteCountry "AUT"]
[BlackCountry "POL"]
[WhiteElo "1835"]
[WhiteRD "49"]
[BlackElo "1774"]
[BlackRD "65"]
[GameID "212906"]

1. e4 c5 2. Nf3 e6 3. Nc3 Nc6 4. d4 cxd4 5. Nxd4 Bc5 6. Be3 Qb6 7. b3 Nxd4 8. Na4 Qa5+ 9. Qd2 Qxd2+ 10. Bxd2 Nxc2+
11. Ke2 Nxa1 12. Nxc5 Nc2 13. Bc3 f6 14. Kd2 b6 15. Nd3 Na3 16. Bb4 Nb5 17. Nf4 Bb7 18. Bxb5 Bxe4 19. Re1 Bb7 20. Nxe6 Kf7
21. Bc4 dxe6 22. Bxe6+ Kg6 23. g4 Rd8+ 24. Kc3 Nh6
0-1

[Event "Sicilian; choose your variation ~ 1500 and up"]
[Site "SchemingMind.com"]
[Date "2009.07.20"]
[Round "-"]
[White "andu"]
[Black "Brian Acebo"]
[Result "1-0"]
[WhiteCountry "AUT"]
[BlackCountry "USA"]
[WhiteElo "1957"]
[WhiteRD "51"]
[BlackElo "1620"]
[BlackRD "64"]
[GameID "212907"]

1. e4 c5 2. Nf3 e6 3. Nc3 Nc6 4. d4 cxd4 5. Nxd4 Nf6 6. Be3 Bb4 7. Bd3 O-O 8. O-O Bxc3 9. bxc3 a6 10. Nxc6 bxc6
11. e5 Nd5 12. Bc5 Re8 13. Bc4 Nxc3 14. Qd4 Nb5 15. Qb2 d6 16. exd6 Nxd6 17. Rad1 Re7 18. Rxd6 Rd7 19. Rfd1 Rxd6 20. Rxd6 Qa5
21. Qb4 Qc7 22. Bb6
1-0

[Event "Sicilian; choose your variation ~ 1500 and up"]
[Site "SchemingMind.com"]
[Date "2009.07.17"]
[Round "-"]
[White "andu"]
[Black "skeeter"]
[Result "1-0"]
[WhiteCountry "AUT"]
[BlackCountry "NZL"]
[WhiteElo "2029"]
[WhiteRD "49"]
[BlackElo "2113"]
[BlackRD "93"]
[GameID "212908"]

1. e4 c5 2. Nf3 d6 3. Nc3 e6 4. d4 cxd4 5. Nxd4 Nf6 6. Be3 a6 7. Be2 Qc7 8. O-O b5 9. f3 Bb7 10. Qd2 Be7
11. a4 b4 12. Na2 d5 13. e5 Qxe5 14. Bf4 Qh5 15. Nxb4 Nfd7 16. Be3 O-O 17. f4 Qh4 18. Nf3 Qf6 19. Kh1 Qxb2 20. Nd3 Qf6
21. Bd4 Qh6 22. Be3 f5 23. Rab1 Bc6 24. Nde5 Bxa4 25. Rb7 Bc5 26. Ra1 Bxe3 27. Qxe3 Nxe5 28. Nxe5 Bc6 29. Rc7 Qf6 30. Rb1 d4
31. Qxd4 Bd5 32. Bc4 Nc6 33. Nxc6 Qxd4 34. Nxd4 Bxc4 35. Rxc4 Rf7 36. Nxe6 g6 37. Nd4 Re7 38. g3 Rd7 39. Nf3 Raa7 40. Rc8+ Kg7
41. c4 a5 42. Ne5 Re7 43. Nc6 Reb7 44. Rxb7+ Rxb7 45. Nxa5 Rb1+ 46. Kg2 h6 47. h4 g5 48. fxg5 hxg5 49. hxg5 Kg6 50. c5 Rb5
51. c6 Rxa5 52. c7 Rc5 53. Rg8+ Kh5 54. c8=Q Rxc8 55. Rxc8 Kxg5 56. Kf3
1-0

[Event "Sicilian; choose your variation ~ 1500 and up"]
[Site "SchemingMind.com"]
[Date "2009.07.17"]
[Round "-"]
[White "andu"]
[Black "Sir_Grantis1"]
[Result "1-0"]
[WhiteCountry "AUT"]
[BlackCountry "USA"]
[WhiteElo "1892"]
[WhiteRD "50"]
[BlackElo "1459"]
[BlackRD "112"]
[GameID "212909"]

1. e4 c5 2. Nf3 e6 3. Nc3 a6 4. d4 cxd4 5. Nxd4 Qc7 6. Be2 b5 7. O-O Bb7 8. f3 Bc5 9. Be3 Qb6 10. Bf2 Ne7
11. b4 Bxd4 12. Bxd4 Qd6 13. Bxg7 Qxd1 14. Raxd1 Rg8 15. Bd4 Nbc6 16. Bc5 Rd8 17. a4 bxa4 18. Nxa4 Nc8 19. Rd2 d6 20. Be3 Nb8
21. Rfd1 Ke7 22. Nc5 Bc6 23. Nxa6 Nxa6 24. Bxa6 Rd7 25. e5 d5 26. c4 dxc4 27. Bc5+ Kd8 28. Rxd7+ Bxd7 29. Bb5
1-0

[Event "Sicilian; choose your variation ~ 1500 and up"]
[Site "SchemingMind.com"]
[Date "2009.07.21"]
[Round "-"]
[White "cnbcad"]
[Black "andu"]
[Result "0-1"]
[WhiteCountry "USA"]
[BlackCountry "AUT"]
[WhiteElo "1545"]
[WhiteRD "63"]
[BlackElo "1957"]
[BlackRD "51"]
[GameID "212910"]

1. e4 c5 2. Nc3 Nc6 3. f4 g6 4. Nf3 Nf6 5. d3 d5 6. exd5 Nxd5 7. Nxd5 Qxd5 8. c3 Bg7 9. c4 Qe6+ 10. Be2 Nd4
11. Ng5 Qxe2+ 12. Qxe2 Nxe2 13. Kxe2 Bg4+ 14. Kf2 Rd8 15. h3 Bf5 16. Rd1 Bxd3 17. Nf3 Bxc4 18. Rxd8+ Kxd8 19. Ne5 Bxe5 20. fxe5 Kd7
21. Bh6 b6 22. b3 Bd5 23. g4 Ke6 24. Bf4 h5 25. g5 a5 26. Rd1 Ra8 27. Rd3 a4 28. b4 cxb4 29. Rd4 b3 30. axb3 axb3
31. Rb4 Ra2+ 32. Ke3 b2 33. Kd4 Ra4
0-1

[Event "Sicilian; choose your variation ~ 1500 and up"]
[Site "SchemingMind.com"]
[Date "2009.07.20"]
[Round "-"]
[White "Efren ramos"]
[Black "andu"]
[Result "0-1"]
[WhiteCountry "NCA"]
[BlackCountry "AUT"]
[WhiteElo "1821"]
[WhiteRD "93"]
[BlackElo "2029"]
[BlackRD "49"]
[GameID "212911"]

1. e4 c5 2. d4 cxd4 3. c3 Nf6 4. e5 Nd5 5. Nf3 Nc6 6. cxd4 d6 7. Be2 Bg4 8. Nc3 dxe5 9. Qb3 Bxf3 10. Bxf3 e6
11. dxe5 Bb4 12. Bxd5 exd5 13. O-O Bxc3 14. Qxc3 O-O 15. f4 Qb6+ 16. Kh1 d4 17. Qf3 Rfd8 18. h3 Rac8 19. a4 d3 20. Rd1 Nd4
21. Be3 Qxb2 22. Bxd4 Qxd4 23. Qxb7 d2 24. Qf3 Qxa1 25. Rxa1 Rc1+
0-1

[Event "Sicilian; choose your variation ~ 1500 and up"]
[Site "SchemingMind.com"]
[Date "2009.07.17"]
[Round "-"]
[White "Clive Everill"]
[Black "andu"]
[Result "0-1"]
[WhiteCountry "CZE"]
[BlackCountry "AUT"]
[WhiteElo "1620"]
[WhiteRD "50"]
[BlackElo "1835"]
[BlackRD "49"]
[GameID "212912"]

1. e4 c5 2. Nc3 e6 3. Qf3 Nc6 4. Nge2 Nf6 5. e5 Nxe5 6. Qg3 Nc6 7. d3 Nb4 8. Kd1 a6 9. a3 Nc6 10. Bg5 d5
11. Qf3 Be7 12. g3 h6 13. Bd2 e5 14. h3 Be6 15. Qg2 O-O 16. Ng1 d4 17. Ne4 Nxe4 18. dxe4 c4 19. f4 c3 20. Bc1 f5
21. g4 fxe4 22. f5 cxb2 23. Bxb2 Bd5 24. Qh2 Qb6 25. Kc1 Qa5 26. Qe2 d3 27. Qd2 Bg5
0-1

[Event "Sicilian; choose your variation ~ 1500 and up"]
[Site "SchemingMind.com"]
[Date "2009.07.22"]
[Round "-"]
[White "Theodoric"]
[Black "andu"]
[Result "1-0"]
[WhiteCountry "ENG"]
[BlackCountry "AUT"]
[WhiteElo "1967"]
[WhiteRD "68"]
[BlackElo "1892"]
[BlackRD "50"]
[GameID "212913"]

1. e4 c5 2. c3 Nf6 3. e5 Nd5 4. d4 cxd4 5. cxd4 d6 6. Nf3 Nc6 7. Bc4 Nb6 8. Bb3 dxe5 9. d5 Na5 10. Nc3 Nxb3
11. Qxb3 f6 12. Be3 a6 13. Bxb6 Qd7 14. O-O g5 15. Rad1 Qd6 16. Ne4 Qd7 17. d6 exd6 18. Nxf6+
1-0

[Event "Sicilian; choose your variation ~ 1500 and up"]
[Site "SchemingMind.com"]
[Date "2009.07.22"]
[Round "-"]
[White "Schaakmaatje"]
[Black "andu"]
[Result "0-1"]
[WhiteCountry "NED"]
[BlackCountry "AUT"]
[WhiteElo "1674"]
[WhiteRD "50"]
[BlackElo "1957"]
[BlackRD "51"]
[GameID "212914"]

1. e4 c5 2. Nf3 e6 3. d4 cxd4 4. Nxd4 a6 5. c4 Nf6 6. Nc3 Qc7 7. Be2 Nc6 8. O-O Nxd4 9. Qxd4 Bd6 10. Be3 Bxh2+
11. Kh1 Be5 12. Qd3 b6 13. Rac1 Bb7 14. f3 Nh5 15. Na4 Qd8 16. Bxb6 Qh4+
0-1

[Event "Sicilian; choose your variation ~ 1500 and up"]
[Site "SchemingMind.com"]
[Date "2009.07.17"]
[Round "-"]
[White "andy146"]
[Black "andu"]
[Result "1-0"]
[WhiteCountry "POL"]
[BlackCountry "AUT"]
[WhiteElo "1809"]
[WhiteRD "72"]
[BlackElo "1957"]
[BlackRD "51"]
[GameID "212915"]

1. e4 c5 2. Nf3 e6 3. d4 cxd4 4. Nxd4 a6 5. Nc3 Qc7 6. Be3 Nf6 7. Be2 Bb4 8. Bd2 Bxc3 9. Bxc3 Nxe4 10. Bb4 d5
11. O-O e5 12. Nf3 Be6 13. Nd2 Nc6 14. Ba3 Nd6 15. Re1 O-O 16. Nf3 Rfd8 17. c3 h6 18. Bf1 b5 19. Nxe5 Nxe5 20. Rxe5 Nc4
21. Bxc4 Qxe5 22. Qe2 Qxe2 23. Bxe2 d4 24. cxd4 Rxd4 25. b3 b4 26. Bc1 Rad8 27. Be3 R4d6 28. Kf1 Rc6 29. Bf3 Rc2 30. Be4 Rb2
31. Bf3 Bf5 32. Ke1 Be4 33. Bxe4 Re8 34. Bd3 Rd8 35. Bc1
1-0

[Event "Sicilian; choose your variation ~ 1500 and up"]
[Site "SchemingMind.com"]
[Date "2009.07.20"]
[Round "-"]
[White "Brian Acebo"]
[Black "andu"]
[Result "0-1"]
[WhiteCountry "USA"]
[BlackCountry "AUT"]
[WhiteElo "1602"]
[WhiteRD "66"]
[BlackElo "1892"]
[BlackRD "50"]
[GameID "212916"]

1. e4 c5 2. Nf3 e6 3. d4 cxd4 4. Nxd4 a6 5. f4 Nc6 6. Be3 Qb6 7. b3 Nf6 8. Qd3 Nb4 9. Qd2 Nxe4 10. Qe2 Nd5
11. Nd2 Nxd2 12. Kxd2 Qb4+ 13. Kd1 Nc3+
0-1

[Event "Sicilian; choose your variation ~ 1500 and up"]
[Site "SchemingMind.com"]
[Date "2009.07.17"]
[Round "-"]
[White "skeeter"]
[Black "andu"]
[Result "1/2-1/2"]
[WhiteCountry "NZL"]
[BlackCountry "AUT"]
[WhiteElo "2110"]
[WhiteRD "92"]
[BlackElo "2124"]
[BlackRD "50"]
[GameID "212917"]

1. e4 c5 2. Nf3 e6 3. d4 cxd4 4. Nxd4 a6 5. Nc3 Bb4 6. Bd3 Bxc3+ 7. bxc3 d6 8. O-O Nf6 9. f4 e5 10. Nf3 Nc6
11. fxe5 dxe5 12. Qe1 O-O 13. Qg3 Nh5 14. Qf2 Be6 15. a4 f6 16. Be3 Rf7 17. Be2 Qa5 18. Ra3 Nf4 19. Bd3 Qd8 20. Bxf4 exf4
21. Nd4 Qd6 22. Raa1 Rd8 23. Nxe6 Qxe6 24. Qxf4 Ne5 25. Qe3 Qc6 26. Be2 Rfd7 27. a5 Rd2 28. Rfd1 Rxd1+ 29. Rxd1 Rxd1+ 30. Bxd1 Qa4
31. Qb6 Qxe4 32. Kf1 Qf4+ 33. Ke1 Qh4+ 34. Kf1 Qxh2 35. Qe6+ Kf8 36. Qc8+ Kf7 37. Qxb7+ Kg6 38. Qe4+ Kg5 39. Be2 Qf4+ 40. Qxf4+ Kxf4
41. Bxa6 Nc6 42. Bd3 Nxa5 43. Bxh7 Nc4 44. Ke2 Ke5= 45. Bd3 Nd6 46. Kf3 f5 47. c4 Nb7 48. c3 Nc5 49. Bc2 g5 50. Ke3 Nd7
51. Ba4 Nc5 52. Bc2 Ne6 53. Kf2 Nc5 54. Kf3 Ke6 55. Kf2 Ke5 56. Kf3 Ke6 57. Kf2 Ke5 58. Kf3 Ne6 59. Kf2 g4 60. Kg3 Nc5
61. Kh4 Kf6 62. Bb1 Ne6 63. Bd3 Nc5 64. Bc2 Ke5 65. Kg3 Ne6 66. Ba4 Nc5 67. Bc6 Nd3 68. Kh4 Nc5 69. g3 Kd6 70. Bd5 Na4
71. Kg5 Ke5 72. Bb7 Nxc3 73. c5 Ne2 74. Kh4 Nd4 75. c6 Nxc6=
1/2-1/2